| 000 | 00632nam a2200217 i 4500 | ||
|---|---|---|---|
| 001 | bgj | ||
| 100 | 1 | _aADAMSON, Joy | |
| 245 | 1 | 0 |
_aLiving free : _bthe story of Elsa and her cubs / _cJoy Adamson ; introduction by Sir Julian Huxley. |
| 260 |
_aNew York : _bBantam Books, _c1972. |
||
| 300 |
_a238 pp, [64 plates of leaves] : _bphotos ; _c22 cm. |
||
| 650 | 9 | _aElsa (Lion) | |
| 650 | 9 |
_aLions _zKenya |
|
| 650 | 9 |
_aLions _xBehavior |
|
| 650 | 9 | _aAnimal intelligence | |
| 655 | _aBiographies | ||
| 700 | 1 |
_aHUXLEY, Julian _c(Sir) |
|
| 040 | _cBPK | ||
| 041 | 0 | _aeng | |
| 942 | _cKS | ||
| 008 | s uk f |000 0 eng | ||
| 999 |
_c48660 _d48660 |
||
| 856 |
_uhttp://koha.tu.koszalin.pl/cgi-bin/koha/opac-detail.pl?biblionumber=48660 _yKatalog online BPK |
||